| 000 | 01508pam a2200349 a 4500 | ||
|---|---|---|---|
| 001 | 3468509 | ||
| 003 | ARRUPE | ||
| 005 | 20140130131329.0 | ||
| 008 | 930325s1993 nju b 001 0 eng | ||
| 010 | _a 93015536 | ||
| 020 |
_a0691033056 (cloth : alk. paper) : _c$49.50 |
||
| 020 |
_a0691019436 (pbk. : alk. paper) : _c$14.95 |
||
| 040 |
_aDLC _cDLC _dDLC |
||
| 043 | _aa-ii--- | ||
| 050 | 0 | 0 |
_aDS468 _b.C47 1993 |
| 082 | 0 | 0 |
_a954.03 _220 |
| 100 | 1 |
_aChatterjee, Partha, _d1947- _97233 |
|
| 245 | 1 | 4 |
_aThe nation and its fragments : _bcolonial and postcolonial histories / _cPartha Chatterjee. |
| 260 |
_aPrinceton, N.J. : _bPrinceton University Press, _cc1993. |
||
| 300 |
_axiii, 282 p. ; _c25 cm. |
||
| 440 | 0 |
_aPrinceton studies in culture/power/history _97234 |
|
| 504 | _aIncludes bibliographical references (p. [263]-272) and index. | ||
| 650 | 0 |
_aNationalism _zIndia _xHistory. _97235 |
|
| 650 | 0 |
_aNationalism _zIndia _zBengal _xHistory. _97236 |
|
| 651 | 0 |
_aIndia _xHistory _yBritish occupation, 1765-1947. _97237 |
|
| 651 | 0 |
_aIndia _xHistory _y20th century. _97238 |
|
| 856 | 4 | 1 |
_3Table of contents _uhttp://www.loc.gov/catdir/toc/prin031/93015536.html |
| 856 | 4 | 2 |
_3Publisher description _uhttp://www.loc.gov/catdir/description/prin021/93015536.html |
| 906 |
_a7 _bcbc _corignew _d1 _eocip _f19 _gy-gencatlg |
||
| 942 |
_2lcc _cMONOGRAPH |
||
| 999 |
_c119750 _d119750 |
||